Die Welt der Berufe #FidA - Statistiken

Allgemein
  • Dieses Quiz wurde 136 mal gespielt
  • Das Durchschnittsergebnis liegt bei 16 aus 23
Antwortstatistiken
Hint Antwort % Korrekt
Hört öfter „Dieser Zug fällt heute aus“ als ihm lieb ist. Lokführer
91%
Sorgt dafür, dass dein Badezimmerboden nicht wie ein Puzzle aussieht. Fliesenleger
86%
Sieht mehr von der Autobahn als von seinem eigenen Wohnzimmer. Berufskraftfahrer
85%
Kennt die Geheimnisse deiner Kindheitstraumata besser als du selbst. Psychologe
85%
Findet in kürzester Zeit genau das Paket, das du seit einer Woche suchst. Lagerlogistiker
82%
Sein Büro ist ein Feld, seine Arbeitszeiten kennt nur das Wetter. Landwirt
81%
Ohne ihn würden Züge nur Offroad fahren. Gleisbauer
79%
Weiß, dass Wind nicht nur nervig ist, sondern auch Arbeit bedeutet. Segelmacher
77%
Kann Geräusche identifizieren, die du in deinem Auto nie gehört hast. Kfz-Mechatroniker
76%
Lässt nichts anbrennen – zumindest nicht absichtlich. Koch
76%
Sorgt dafür, dass du nie darüber nachdenken musst, wo dein Abwasser bleibt. Kanalarbeiter
73%
Hat den einzigen Job, bei dem ein Buch seit Jahrhunderten der Bestseller ist. Pastor
69%
Behält auch dann die Ruhe, wenn fünf Kunden gleichzeitig "Ich habe nur eine kurze Frage" sagen. Einzelhandelskaufmann
68%
Wird nur gerufen, wenn irgendwo Wasser ist, wo es nicht sein soll. Klempner
68%
Weiß, warum dein wackelndes Regal wirklich wackelt. Tischler
68%
Sorgt dafür, dass du nie herausfindest, wie dreckig dein Büro wirklich wäre. Gebäudereiniger
66%
Macht sich Sorgen, wenn es im Raum plötzlich zu leise ist. Lehrer
66%
Hat einen Job, der erst dann auffällt, wenn das WLAN nicht mehr geht. Systemadministrator
66%
Sein schlimmster Albtraum: „Mach einfach alles ein bisschen größer und bunter.“ Webdesigner
60%
Kriegt einen Schock – aber nur, wenn er einen Fehler macht. Elektriker
57%
Muss oft lächeln, auch wenn sie eigentlich keine Zeit dafür hat. Pflegefachkraft
57%
Seine Feinde: Zeit, Staub und schlechte Reparaturen aus den 80ern. Restaurator
45%
Schneidet beruflich mehr als jeder Friseur. Fleischer
43%
Keine übereinstimmenden Quizze gefunden
Verteilung der Resultate
Anzahl Personen mit jedem Resultat
Perzentil nach korrekt beantworteten Fragen
Ihre Resultats-Entwicklung
Sie haben dieses Quiz noch nicht gespielt